Exaktné metódy normovania a racionalizácie práce v maloobchode kandidátska dizertačná práca

Saved in:
Bibliographic Details
Main Author: Lupták, Dávid
Corporate Author: Vysoká škola ekonomická v Bratislave
Other Authors: Andris, Mikuláš
Format: Book
Language:Slovak
Published: Bratislava 1987
Subjects:
Tags: Add Tag
No Tags, Be the first to tag this record!

MARC

LEADER 00000nam a2200000 4500
001 c110804
005 20230116084021.1
041 0 |a slo 
044 |a SK 
245 1 0 |a Exaktné metódy normovania a racionalizácie práce v maloobchode  |b kandidátska dizertačná práca  |c Dávid Lupták ; Mikuláš Andris 
264 1 |a Bratislava  |c 1987 
300 |a 143 s. 
610 2 0 |a racionalizácia práce 
610 2 0 |a racionalizácia predaja 
610 2 0 |a maloobchod 
610 2 0 |a normovanie práce 
610 2 0 |a organizácia práce vedecká 
610 2 0 |a normy 
610 2 0 |a teória obsluhy hromadnej 
100 1 |a Lupták, Dávid 
700 1 |a Andris, Mikuláš 
710 2 |a Vysoká škola ekonomická v Bratislave